| 000 | 00204nam a22000737a 4500 | ||
|---|---|---|---|
| 999 |
_c24094 _d24094 |
||
| 001 | 8933068 | ||
| 003 | Nust | ||
| 005 | 20170515171428.0 | ||
| 008 | 140507b xxu||||| |||| 00| 0 eng d | ||
| 020 |
_cAvailable _a0139353224 |
||
| 040 |
_aDLC _bDLC _cRCMS |
||
| 082 | _a621.3822 LIM | ||
| 100 |
_a Lim Jae S _9778 |
||
| 245 | _aTwo-Dimensional Signal and Image Processing | ||
| 260 |
_aNew Jersey _bPrentice Hall _cc1990 |
||
| 300 |
_axvi,694,p: _bill: _c26,cm: |
||
| 538 | _iShelf # 15, Row # 4, Communication. | ||
| 650 |
_a1.Signal processing----- Digital techniques 2. Image processing----- Digital techniques _9287 |
||
| 856 | _3Table of Content Only | ||
| 942 |
_2ddc _cBK |
||